| 000 | 00533nam a22001697a 4500 | ||
|---|---|---|---|
| 003 | NUST | ||
| 005 | 20240226132341.0 | ||
| 008 | 240226b ||||| |||| 00| 0 eng d | ||
| 082 | _a005.1,FAI | ||
| 100 |
_aFaiz, Amina _935030 |
||
| 245 |
_aDevelopment of Optimal Polygonal Approximation Algorithm using Error Histograms / _cAmina Faiz |
||
| 260 |
_aRawalpindi _b MCS - NUST, _c2012 |
||
| 300 | _a48 p. ; 30cm | ||
| 650 |
_aComputer Software Engineering-MS-Thesis _916105 |
||
| 700 |
_aDr. Asif Masood _914088 |
||
| 942 |
_2ddc _cTHE |
||
| 999 |
_c608203 _d608203 |
||